<?xml version="1.0" encoding="UTF-8"?>
<marc:record xmlns:marc="http://www.loc.gov/MARC21/slim">
   <marc:leader>00000nam a2200000 a 4500</marc:leader>
   <marc:datafield ind1="1" ind2=" " tag="100">
      <marc:subfield code="a">Schuster, Stephanie</marc:subfield>
      <marc:subfield code="4">aut</marc:subfield>
      <marc:subfield code="e">Verfasser/-in</marc:subfield>
   </marc:datafield>
   <marc:datafield ind1=" " ind2=" " tag="653">
      <marc:subfield code="a">Fiktionale Darstellung</marc:subfield>
   </marc:datafield>
   <marc:datafield ind1=" " ind2=" " tag="653">
      <marc:subfield code="a">Erzählende Literatur: Gegenwartsliteratur ab 1945</marc:subfield>
   </marc:datafield>
   <marc:datafield ind1="0" ind2="0" tag="245">
      <marc:subfield code="a">Freiheit im Angebot</marc:subfield>
   </marc:datafield>
   <marc:datafield ind1="0" ind2="0" tag="245">
      <marc:subfield code="b">Die Wunderfrauen</marc:subfield>
   </marc:datafield>
   <marc:datafield ind1="0" ind2="0" tag="245">
      <marc:subfield code="c">Schuster, Stephanie</marc:subfield>
   </marc:datafield>
   <marc:datafield ind1=" " ind2="1" tag="264">
      <marc:subfield code="a">Frankfurt am Main</marc:subfield>
      <marc:subfield code="b">FISCHER Taschenbuch</marc:subfield>
   </marc:datafield>
   <marc:datafield ind1="1" ind2=" " tag="490">
      <marc:subfield code="a">Die Wunderfrauen / Stephanie Schuster</marc:subfield>
      <marc:subfield code="v">Band 3</marc:subfield>
   </marc:datafield>
   <marc:datafield ind1=" " ind2=" " tag="250">
      <marc:subfield code="a">Originalausgabe</marc:subfield>
   </marc:datafield>
   <marc:datafield ind1="1" ind2=" " tag="520">
      <marc:subfield code="a">Der dritte Band der Wunderfrauen-Trilogie: Vier Frauen zwischen Wirtschaftswunder und Hippiezeit, zwischen Nylons und Emanzipation, zwischen Liebe und Freundschaft&#xD;
&#xD;
1972, während der Olympischen Spiele in München, kämpft Luise mit allen Mitteln darum, ihr kleines Lebensmittelgeschäft in Starnberg trotz der Supermarktkonkurrenz zu erhalten. Außerdem muss sie sich eingestehen, dass ihre Ehe nun endgültig am Ende ist – und mit dem neuen Gesetz zur Ehescheidung wagt sie einen ungeheuerlichen Schritt. Rückhalt in diesen turbulenten Zeiten geben ihr die drei Freundinnen: Helga, die von einer eigenen Arztpraxis träumt, Marie, die alle Energie in ihren Reiterhof steckt und Annabel, die sich endlich der Vergangenheit ihrer Familie stellt. Bei all den neuen Chancen merken sie: Das größte Abenteuer ihres Lebens fängt jetzt erst an.&#xD;
&#xD;
Der 3. Band der Wunderfrauen-Trilogie – drei Romane über vier Freundinnen, deren Leben wir über von den Wirtschaftswunderjahren Mitte der 1950er bis zu den Olympischen Spielen 1972 begleiten können.&#xD;
&#xD;
Band 1 »Alles, was das Herz begehrt« &#xD;
Band 2 »Von allem nur das Beste« &#xD;
Band 3 »Freiheit im Angebot« &#xD;
Zusatzband »Wünsche werden wahr« &#xD;
&#xD;
&#xD;
Entdecken Sie die neue Romanserie von Stephanie Schuster:&#xD;
»Glückstöchter« - Eine Reise durch sechs Jahrzehnte: Anna und Eva, verbunden durch ihr tiefes Verständnis zur Natur, aber getrennt durch ein schicksalhaftes Geheimnis.&#xD;
&#xD;
Band 1 »Glückstöchter. Einfach leben« &#xD;
Band 2 »Glückstöchter. Einfach lieben« erhältlich ab dem 31.01.2024</marc:subfield>
   </marc:datafield>
   <marc:datafield ind1=" " ind2=" " tag="020">
      <marc:subfield code="a">9783596705641</marc:subfield>
      <marc:subfield code="9">9783596705641</marc:subfield>
   </marc:datafield>
   <marc:datafield ind1=" " ind2=" " tag="020">
      <marc:subfield code="a">3596705649</marc:subfield>
      <marc:subfield code="9">3596705649</marc:subfield>
   </marc:datafield>
   <marc:datafield ind1=" " ind2=" " tag="041">
      <marc:subfield code="a">ger</marc:subfield>
   </marc:datafield>
   <marc:datafield ind1="0" ind2=" " tag="490">
      <marc:subfield code="v">Band 3</marc:subfield>
   </marc:datafield>
   <marc:datafield ind1=" " ind2=" " tag="338">
      <marc:subfield code="a">Band</marc:subfield>
   </marc:datafield>
   <marc:datafield ind1=" " ind2=" " tag="300">
      <marc:subfield code="a">426 Seiten</marc:subfield>
   </marc:datafield>
</marc:record>
